Concept Sourcebook:A Vocabulary of Architectural Forms (Record no. 8815)
[ view plain ]
| 000 -LEADER | |
|---|---|
| fixed length control field | 00328nam a2200133 4500 |
| 003 - CONTROL NUMBER IDENTIFIER | |
| control field | OSt |
| 005 - DATE AND TIME OF LATEST TRANSACTION | |
| control field | 20210208163834.0 |
| 008 - FIXED-LENGTH DATA ELEMENTS--GENERAL INFORMATION | |
| fixed length control field | 210208b ||||| |||| 00| 0 eng d |
| 020 ## - INTERNATIONAL STANDARD BOOK NUMBER | |
| International Standard Book Number | 5800104715955 |
| 082 ## - DEWEY DECIMAL CLASSIFICATION NUMBER | |
| Classification number | 729 |
| Item number | WHI |
| 100 ## - MAIN ENTRY--PERSONAL NAME | |
| Personal name | White T Edword |
| 245 ## - TITLE STATEMENT | |
| Title | Concept Sourcebook:A Vocabulary of Architectural Forms |
| 942 ## - ADDED ENTRY ELEMENTS (KOHA) | |
| Source of classification or shelving scheme | |
| Withdrawn status | Lost status | Source of classification or shelving scheme | Damaged status | Koha normalized classification for sorting | Not for loan | Permanent location | Current location | Date acquired | Total Checkouts | Total Renewals | Full call number | Barcode | Checked out | Date last seen | Date last borrowed | Price effective from | Koha item type |
|---|---|---|---|---|---|---|---|---|---|---|---|---|---|---|---|---|---|
| 729_000000000000000_WHI | BMS College of Architecture, Design and Planning | BMS College of Architecture, Design and Planning | 2021-02-08 | 18 | 2 | 729 WHI | AR-UG2121 | 2025-12-03 | 2025-11-03 | 2025-11-03 | 2021-02-08 | UG Books |